000 00566nam a2200229Ia 4500
003 OSt
005 20220924152653.0
006 a|||||r|||| 00| 0
007 ta
008 220923b |||||||| |||| 00| 0 ara d
024 _a343820
037 _cTextual
040 _aARTS
_cARTS
_bara
041 _2ara
_aara
082 _aP122:4k, 28A70
245 0 _aDasmia istelahat Mohammadia
260 _c1870
650 _a TURKISH LITERATURE
_930220
650 _aLINGUISTICS
942 _hP122:4k, 28A70
_cTEXL
_2CC
999 _c470626
_d470626